Wpływ dodatku inuliny na jakość pieczywa pszenno-żytniego = (Rekord nr 6463)
| 000 -ETYKIETA REKORDU | |
|---|---|
| podpole kontrolne o stałej długości | 01589nab a2200241 i 4500 |
| 001 - NUMER KONTROLNY REKORDU | |
| podpole kontrolne | BPP |
| 003 - IDENTYFIKATOR NUMERU KONTROLNEGO REKORDU | |
| podpole kontrolne | BPK |
| 005 - DATA OSTATNIEJ MODYFIKACJI REKORDU | |
| podpole kontrolne | 20180409102252.0 |
| 008 - POLE O STAŁEJ DŁUGOŚCI - DANE KONTROLNE | |
| podpole kontrolne o stałej długości | 141006s2012 pl n f |000 0pol |
| 040 ## - ŹRÓDŁO KATALOGOWANIA | |
| Instytucja, która utworzyła rekord | BPK |
| 080 ## - UNIWERSALNA KLASYFIKACJA DZIESIĘTNA - UKD | |
| UKD | 664.6 |
| 100 ## - NAZWA OSOBOWA | |
| Nazwa osobowa | DYMKOWSKA-MALESA, Maria. |
| Lata pracy | 2006 - . |
| Instytucja | Politechnika Koszalińska - Wydział Mechaniczny, |
| Wydział | Katedra Procesów i Urządzeń Przemysłu Spożywczego |
| 245 ## - TYTUŁ/ODPOWIEDZIALNOŚĆ | |
| Tytuł | Wpływ dodatku inuliny na jakość pieczywa pszenno-żytniego = |
| Ciąg dalszy tytułu | Influence of addition of inulin on quality of triticale bread / |
| Pozostałe elementy strefy tytułu i oznaczenia odpowiedzialności | Maria Dymkowska-Malesa, Zbigniew Walczak. |
| 260 ## - STREFA ADRESU WYDAWNICZEGO | |
| Data publikacji, dystrybucji/powstania dokumentu | 2012. |
| 500 ## - UWAGI OGÓLNE | |
| Tekst uwagi | Dane z autopsji. |
| 520 ## - UWAGA DOTYCZĄCA TREŚCI DOKUMENTU | |
| Analiza dokumentacyjna, adnotacja itp. | Artykuł prezentuje wyniki badań dotyczące określania wpływu dodatku inuliny jako zamiennika sacharozy na cechy sensoryczne i fizykochemiczne pieczywa pszenno-żytniego oraz określenia jego optymalnego dodatku, celem uzyskania pieczywa najwyższej jakości. Przeprowadzono wypiek chleba pszenno-żytniego bez dodatku inuliny (z 3% udziałem sacharozy) oraz z 3, 6 i 12% udziałem inuliny (bez sacharozy) w stosunku do użytej mąki. Badania wykazały najwyższą jakość pieczywa pszenno-żytniego z 3% udziałem inuliny. |
| 650 #0 - HASŁO PRZEDMIOTOWE W FORMIE NAZWY OGÓLNEJ LUB JEDNOSTKOWEJ | |
| Nazwa ogólna lub geograficzna | Piekarstwo. |
| 650 #0 - HASŁO PRZEDMIOTOWE W FORMIE NAZWY OGÓLNEJ LUB JEDNOSTKOWEJ | |
| Nazwa ogólna lub geograficzna | Jakość produktu . |
| 650 #0 - HASŁO PRZEDMIOTOWE W FORMIE NAZWY OGÓLNEJ LUB JEDNOSTKOWEJ | |
| Nazwa ogólna lub geograficzna | Pieczywo - technologia. |
| 700 ## - HASŁO DODATKOWE - NAZWA OSOBOWA | |
| Nazwa osobowa | WALCZAK, Zbigniew - doktorant. |
| Instytucja | Politechnika Koszalińska - Wydział Mechaniczny |
| Wydział | Katedra Biochemii i Biotechnologii |
| 773 ## - TYTUŁ DOKUMENTU MACIERZYSTEGO | |
| Wyrażenie wprowadzające | W : |
| Tytuł | Postępy Techniki Przetwórstwa Spożywczego = Technological Progress in Food Processing. - |
| Informacje dotyczące relacji | T. 22/41, 2012, nr 2, s. 17-19 |
| 942 ## - HASŁO DODATKOWE - ELEMENTY(KOHA) | |
| Typ dokumentu | Artykuł |
| Schemat klasyfikacji | Uniwersalna klasyfikacja dziesiętna |
| Wycofany | Zagubiony | Uszkodzony | Dostępność | Lokalizacja stała | Lokalizacja bieżąca | Sygnatura | Typ dokumentu |
|---|---|---|---|---|---|---|---|
| Dostępny | Bibliografia Prac Pracowników - BPK | Bibliografia Prac Pracowników - BPK | 01453 | Artykuł |
